La esclavitud en Grecia, Roma y el mundo cristiano. Apogeo y ocaso de un sistema atroz.

Guardat en:
Dades bibliogràfiques
Autor principal: Ciccotti, Ettore (autor)
Format: Llibre
Publicat: Barcelona, España: Circulo Latino, 2005.
Edició:1ª edición.
Col·lecció:El árbol sagrado. Historia.
Matèries:
Etiquetes: Afegir etiqueta
Sense etiquetes, Sigues el primer a etiquetar aquest registre!

MARC

LEADER 00000nam a22000007a 4500
003 CL-VaPUC
005 20220822114645.0
008 220719t2005 ||||| |||| 00| 0 eng d
999 |c 437241  |d 437239 
020 |a 84-96129-57-8 
040 |c Pontificia Universidad Católica de Valparaíso 
082 7 |a 326.9 CIC 2005  |2 22 
100 |a Ciccotti, Ettore  |9 438863  |e autor 
245 |a La esclavitud en Grecia, Roma y el mundo cristiano.  |b Apogeo y ocaso de un sistema atroz. 
250 |a 1ª edición.  
260 |a Barcelona, España:   |b Circulo Latino,   |c 2005. 
300 |a 320 páginas.  
490 |a El árbol sagrado. Historia. 
500 |a c.1 Donación Familia Prof. Alejandro Guzmán Brito. 
583 |c 20220719  |k Cristina María Rojas Aguilar 
650 |a Esclavitud   |x Historia   |z Grecia  |9 873339 
650 |a Esclavitud   |x Historia   |z Roma   |9 873340 
942 |2 ddc  |c BK  |n 0 
952 |0 0  |1 0  |2 ddc  |4 0  |6 326_900000000000000_CIC_2005  |7 1  |8 C_AGB  |9 584999  |a BIBDER  |b BIBDER  |d 2022-07-19  |e Donación   |i 5653068  |o 326.9 CIC 2005  |p 5653068  |r 2023-01-25  |t 1  |w 2022-07-19  |y BK_US  |k AGB